[Event "Open Tabor 2019"]
[Site "?"]
[Date "2019.07.29"]
[Round "1.1"]
[White "Toman, Antonin"]
[Black "Heinzel, Olaf"]
[Result "0-1"]
[WhiteElo "1820"]
[BlackElo "2321"]
[PlyCount "74"]
[SourceDate "2019.07.29"]

1. e4 d5 2. exd5 Qxd5 3. Nc3 Qd6 4. d4 Nf6 5. Nf3 a6 6. Be2 b5 7. a3 Nbd7 8.
O-O e6 9. Be3 Be7 10. Qd2 Bb7 11. Rad1 O-O 12. Rfe1 Rfd8 13. Bf4 Qb6 14. Bd3 c5
15. dxc5 Nxc5 16. Ne5 Nxd3 17. Nxd3 Rac8 18. Be3 Qc7 19. Bf4 Qc6 20. f3 Nd5 21.
Nxd5 Rxd5 22. Re2 Bf6 23. Qe1 Rcd8 24. Red2 Qc4 25. b3 Qc8 26. Re2 Be7 27. Bc1
Qc7 28. Bb2 Rg5 29. f4 Rgd5 30. Qg3 g6 31. Rde1 Rc8 32. Kh1 Qd8 33. Qe3 Bf6 34.
Ne5 Rd1 35. Nxf7 Rxe1+ 36. Rxe1 Qd5 37. Nh6+ Kf8 0-1

[Event "Open Tabor 2019"]
[Site "?"]
[Date "2019.07.29"]
[Round "1.2"]
[White "Borkovec, Milan"]
[Black "Mosnicka, Jan"]
[Result "1-0"]
[WhiteElo "2253"]
[BlackElo "1810"]
[PlyCount "59"]
[SourceDate "2019.07.29"]

1. e4 e6 2. d4 d5 3. Nd2 c5 4. Ngf3 Nc6 5. exd5 Qxd5 6. Bc4 Qd8 7. O-O cxd4 8.
Nb3 Nf6 9. Nbxd4 Bc5 10. Nxc6 Qxd1 11. Rxd1 bxc6 12. Ne5 Bb7 13. Bg5 Nd5 14.
Bh4 f6 15. Nd3 Bd6 16. Bg3 Bxg3 17. hxg3 O-O-O 18. Nc5 Rhe8 19. Rd3 Kc7 20.
Rad1 Ra8 21. Bb3 Bc8 22. c4 Ne7 23. Bc2 e5 24. R3d2 Nf5 25. Rd7+ Bxd7 26. Rxd7+
Kb6 27. Na4+ Ka5 28. Rb7 Nd4 29. b4+ Ka6 30. Nc5# 1-0

[Event "Open Tabor 2019"]
[Site "?"]
[Date "2019.07.29"]
[Round "1.3"]
[White "Prachar, Josef"]
[Black "Kotal, Vaclav"]
[Result "1/2-1/2"]
[WhiteElo "1789"]
[BlackElo "2205"]
[PlyCount "95"]
[SourceDate "2019.07.29"]

1. d4 Nf6 2. c4 e6 3. Nc3 Bb4 4. a3 Bxc3+ 5. bxc3 c5 6. f3 O-O 7. e4 d6 8. Bg5
Nbd7 9. Bd3 Qa5 10. Bd2 e5 11. Ne2 Nb6 12. O-O Qa4 13. Qxa4 Nxa4 14. Rab1 Nb6
15. d5 Re8 16. Ng3 g6 17. f4 Nfd7 18. f5 f6 19. Rf3 Kg7 20. Rbf1 Rf8 21. h4 Rf7
22. fxg6 hxg6 23. h5 gxh5 24. Nf5+ Kf8 25. Bh6+ Kg8 26. Nxd6 Rh7 27. Rg3+ Kh8
28. Rg6 Na4 29. Ne8 Rf7 30. Bg7+ Kg8 31. Nxf6+ Nxf6 32. Bxf6+ Kh7 33. Rg5 Bg4
34. Rxe5 Nb2 35. Bb1 Nxc4 36. Re7 Rxe7 37. Bxe7 Nxa3 38. Bxc5 Nxb1 39. Rxb1 b6
40. Bd4 Rf8 41. Rf1 Rxf1+ 42. Kxf1 Kg6 43. Kf2 Bd1 44. c4 Bb3 45. c5 bxc5 46.
Bxc5 a5 47. Ke3 Kg5 48. Bd6 1/2-1/2

[Event "Open Tabor 2019"]
[Site "?"]
[Date "2019.07.29"]
[Round "1.4"]
[White "Volodin, Viktor"]
[Black "Slajs, Vlastimil"]
[Result "1-0"]
[WhiteElo "2178"]
[BlackElo "1769"]
[PlyCount "49"]
[SourceDate "2019.07.29"]

1. Nf3 c5 2. c4 Nf6 3. g3 g6 4. d4 cxd4 5. Nxd4 Bg7 6. Bg2 O-O 7. O-O Nc6 8.
Nc3 a6 9. c5 Qc7 10. Nb3 Rb8 11. Bf4 e5 12. Bg5 Ne7 13. Na4 Rd8 14. Qd6 Qxd6
15. cxd6 Nc6 16. Nb6 Re8 17. Nc5 h6 18. Bxf6 Bxf6 19. Ncxd7 Bxd7 20. Nxd7 Kg7
21. Nxb8 Rxb8 22. Bxc6 bxc6 23. b3 e4 24. Rac1 Rc8 25. Rfd1 1-0

[Event "Open Tabor 2019"]
[Site "?"]
[Date "2019.07.29"]
[Round "1.5"]
[White "Sedivy, Karel"]
[Black "Lys, Josef"]
[Result "0-1"]
[WhiteElo "1757"]
[BlackElo "2149"]
[PlyCount "66"]
[SourceDate "2019.07.29"]

1. Nf3 d5 2. d4 Bf5 3. c4 Bxb1 4. Rxb1 dxc4 5. Qa4+ c6 6. Qxc4 Nf6 7. e3 e6 8.
Be2 Nbd7 9. O-O Be7 10. a3 O-O 11. b4 a6 12. Bb2 Qb6 13. Ba1 Nd5 14. Ne5 Rad8
15. Kh1 f5 16. g3 N7f6 17. Bf3 Bd6 18. Nd3 Rde8 19. Nc5 Re7 20. Kg2 Qc7 21.
Rfc1 g5 22. Qd3 Qc8 23. Bd1 Qe8 24. e4 fxe4 25. Nxe4 Qg6 26. Bc2 Bf4 27. Nxf6+
Qxf6 28. Rf1 Qh6 29. Rh1 Ref7 30. Rbf1 g4 31. h3 Be3 32. Kg1 Rxf2 33. Rxf2 Rxf2
0-1

[Event "Open Tabor 2019"]
[Site "?"]
[Date "2019.07.29"]
[Round "1.16"]
[White "Rolinek, Dominik"]
[Black "Petr, Josef"]
[Result "1-0"]
[WhiteElo "2004"]
[BlackElo "1586"]
[PlyCount "75"]
[SourceDate "2019.07.29"]

1. d4 Nf6 2. Bf4 d5 3. e3 Bf5 4. Bd3 Bxd3 5. Qxd3 e6 6. Nf3 Nc6 7. O-O Bd6 8.
Bxd6 Qxd6 9. Nbd2 h6 10. c4 O-O 11. a3 a5 12. Rfc1 Rfc8 13. cxd5 exd5 14. Qb3
b6 15. Rc3 Nd7 16. Rac1 Ne7 17. Qc2 c5 18. dxc5 Nxc5 19. Nd4 Ne6 20. Nf5 Rxc3
21. Nxe7+ Qxe7 22. Qxc3 Nc5 23. Qd4 Qd8 24. Rd1 Ne6 25. Qe5 Rc8 26. Nb3 Qc7 27.
Qxc7 Rxc7 28. Kf1 a4 29. Nd4 Rc5 30. Ke2 Kf8 31. Nf3 Ke7 32. Ne5 Rb5 33. Nd3 d4
34. e4 Nc5 35. Nb4 Nxe4 36. Rxd4 Nc5 37. Nd5+ Ke6 38. Nc7+ 1-0

[Event "Open Tabor 2019"]
[Site "?"]
[Date "2019.07.29"]
[Round "1.6"]
[White "den Boer, Lennard"]
[Black "Alexa, Jaroslav"]
[Result "1-0"]
[WhiteElo "2146"]
[BlackElo "1734"]
[PlyCount "33"]
[SourceDate "2019.07.29"]

1. e4 d5 2. exd5 Qxd5 3. Nc3 Qa5 4. Nf3 Nf6 5. Bc4 Bf5 6. O-O e6 7. d3 c6 8.
Nd4 Bg4 9. Qe1 Be7 10. f3 Bh5 11. Bf4 Bc5 12. Qf2 O-O 13. a3 Qb6 14. Be3 Rd8
15. Na4 Qa5 16. Nxc5 Qxc5 17. Nxe6 1-0

[Event "Open Tabor 2019"]
[Site "?"]
[Date "2019.07.29"]
[Round "1.7"]
[White "Straka, Zdenek"]
[Black "Chval, Zdenek"]
[Result "1/2-1/2"]
[WhiteElo "1730"]
[BlackElo "2145"]
[PlyCount "105"]
[SourceDate "2019.07.29"]

1. d4 Nf6 2. c4 g6 3. Nc3 Bg7 4. e4 d6 5. h3 O-O 6. g4 e5 7. d5 Nbd7 8. Nge2
Nc5 9. Ng3 a5 10. Be2 c6 11. Be3 cxd5 12. cxd5 Bd7 13. Qd2 Rb8 14. f3 b5 15. h4
b4 16. Nd1 Qb6 17. Nf2 Rfc8 18. O-O Bb5 19. Rfc1 Nfd7 20. Nd3 Qa6 21. Nxc5 Nxc5
22. Bxc5 dxc5 23. b3 c4 24. bxc4 Bxc4 25. Rxc4 Rxc4 26. Bxc4 Qxc4 27. Rc1 Qd4+
28. Qxd4 exd4 29. Kf2 Be5 30. Ne2 d3 31. f4 Bd6 32. e5 Bxe5 33. fxe5 dxe2 34.
d6 Kf8 35. Kxe2 Ke8 36. Kd3 a4 37. Rb1 Rb5 38. Kd4 Kd7 39. Rc1 b3 40. axb3 axb3
41. Rb1 Ke6 42. Kc3 Rxe5 43. Rd1 Re3+ 44. Kb2 Kd7 45. Rd4 f5 46. gxf5 gxf5 47.
Rf4 Re4 48. Rxf5 Rxh4 49. Kxb3 Kxd6 50. Kc3 Ke6 51. Rf8 h5 52. Kd2 Re4 53. Re8+
1/2-1/2

[Event "Open Tabor 2019"]
[Site "?"]
[Date "2019.07.29"]
[Round "1.8"]
[White "Stinka, Jakub"]
[Black "Habada, Jindrich"]
[Result "1-0"]
[WhiteElo "2135"]
[BlackElo "1727"]
[PlyCount "43"]
[SourceDate "2019.07.29"]

1. d4 Nf6 2. c4 c5 3. d5 e6 4. Nc3 exd5 5. cxd5 d6 6. e4 g6 7. Bd3 Bg7 8. h3
O-O 9. Nf3 b6 10. O-O Re8 11. Bf4 a6 12. a4 Bb7 13. Re1 Nh5 14. Bh2 Qc7 15. Nd2
Nd7 16. Be2 Nhf6 17. Qc2 Re7 18. Nc4 Ne8 19. f4 Rd8 20. Bf3 Nf8 21. Rad1 Nd7
22. e5 1-0

[Event "Open Tabor 2019"]
[Site "?"]
[Date "2019.07.29"]
[Round "1.9"]
[White "Rolinkova, Lucie"]
[Black "Zilavy, Jan"]
[Result "0-1"]
[WhiteElo "1703"]
[BlackElo "2118"]
[PlyCount "52"]
[SourceDate "2019.07.29"]

1. d4 Nf6 2. Bf4 d5 3. e3 c5 4. c3 Nc6 5. Nd2 Bf5 6. Ngf3 Nh5 7. Bg5 h6 8. Bh4
g5 9. Bg3 Nxg3 10. hxg3 Bg7 11. dxc5 O-O 12. Nd4 Bg6 13. f4 e5 14. Nxc6 bxc6
15. Nf3 exf4 16. gxf4 Qe7 17. Kf2 Rfe8 18. Qd2 Rab8 19. b3 gxf4 20. exf4 Qxc5+
21. Nd4 Re4 22. Rd1 Rbe8 23. f5 Bxf5 24. Rxh6 Bg4 25. Rxc6 Bxd4+ 26. cxd4 Qxc6
0-1

[Event "Open Tabor 2019"]
[Site "?"]
[Date "2019.07.29"]
[Round "1.10"]
[White "Parak, Dominik"]
[Black "Chval, Zdenek"]
[Result "1-0"]
[WhiteElo "2091"]
[BlackElo "1700"]
[PlyCount "49"]
[SourceDate "2019.07.29"]

1. e4 c5 2. Nf3 d6 3. d4 cxd4 4. Nxd4 Nf6 5. Nc3 a6 6. Be2 e6 7. O-O Be7 8. Be3
O-O 9. f4 Qc7 10. Kh1 b5 11. Bf3 Bb7 12. e5 dxe5 13. fxe5 Nfd7 14. Bf4 Nc6 15.
Nxc6 Bxc6 16. Bxc6 Qxc6 17. Qg4 Rfd8 18. Rae1 b4 19. Ne4 Qxc2 20. Rf2 Qc6 21.
Bh6 Bf8 22. Nf6+ Kh8 23. Nxh7 gxh6 24. Rxf7 Nxe5 25. Nf6 1-0

[Event "Open Tabor 2019"]
[Site "?"]
[Date "2019.07.29"]
[Round "1.11"]
[White "Vavrousek, Petr"]
[Black "Nehyba, Martin"]
[Result "0-1"]
[WhiteElo "1686"]
[BlackElo "2090"]
[PlyCount "80"]
[SourceDate "2019.07.29"]

1. e4 c5 2. Nf3 Nc6 3. d4 cxd4 4. Nxd4 Nf6 5. Nc3 e6 6. Ndb5 d6 7. Bf4 e5 8.
Be3 a6 9. Na3 Ng4 10. Nd5 Nxe3 11. Nxe3 b5 12. c3 Be6 13. Be2 Be7 14. O-O O-O
15. Nac2 Bg5 16. Nd5 f5 17. exf5 Bxf5 18. Nce3 Be6 19. Bf3 Rc8 20. a4 bxa4 21.
Rxa4 a5 22. Be4 g6 23. Qe2 Bxe3 24. Qxe3 Rb8 25. Rb1 Kg7 26. Qd2 Qd7 27. Rc4
Rfc8 28. Qg5 Qf7 29. Qd2 Rb5 30. Rd1 h6 31. Ra4 Rcb8 32. b4 axb4 33. cxb4 Nd4
34. Nc3 Rxb4 35. Rxb4 Rxb4 36. Qe3 Rb3 37. Kf1 Bc4+ 38. Ke1 Kh7 39. Ra1 d5 40.
Bb1 Rxb1+ 0-1

[Event "Open Tabor 2019"]
[Site "?"]
[Date "2019.07.29"]
[Round "1.13"]
[White "Cipera, Josef"]
[Black "Michalcak, Lubomir"]
[Result "0-1"]
[WhiteElo "1649"]
[BlackElo "2031"]
[PlyCount "116"]
[SourceDate "2019.07.29"]

1. d4 Nf6 2. Bf4 g6 3. e3 Bg7 4. Bd3 O-O 5. Nf3 d5 6. Nbd2 Nbd7 7. O-O Nh5 8.
Re1 c5 9. c3 b6 10. Rc1 Bb7 11. h3 Nxf4 12. exf4 e6 13. Ne5 f6 14. Nxg6 Re8 15.
Nh4 f5 16. Nhf3 Nf6 17. Ne5 Ne4 18. Ndf3 Qc7 19. Bxe4 dxe4 20. Nh4 Bf6 21. Qh5
Qe7 22. g3 Rad8 23. Rcd1 Qg7 24. Kh2 Rf8 25. Rg1 Bxe5 26. dxe5 Bc6 27. Rd6 Rxd6
28. exd6 Rd8 29. g4 Be8 30. Qg5 Qxg5 31. fxg5 fxg4 32. Rxg4 Bc6 33. Rf4 Rxd6
34. Rf6 Rd2 35. Rxe6 Bd5 36. Re7 a5 37. Kg3 Rxb2 38. Nf5 Bxa2 39. Rxe4 b5 40.
Re7 a4 41. Rg7+ Kh8 42. Rc7 Be6 43. Ng7 Re2 44. Nh5 a3 45. Ra7 a2 46. Nf6 Bf5
47. Nh5 Bg6 48. Nf6 b4 49. cxb4 cxb4 50. Ra8+ Kg7 51. Ra7+ Kf8 52. Ra8+ Kf7 53.
Ra7+ Ke6 54. Ra6+ Ke5 55. Ra5+ Kd4 56. Ng4 b3 57. Ra7 Kc3 58. Kf3 Re1 0-1

[Event "Open Tabor 2019"]
[Site "?"]
[Date "2019.07.29"]
[Round "1.12"]
[White "Hurtak, Otto"]
[Black "Prochazka, Pavel"]
[Result "1-0"]
[WhiteElo "2048"]
[BlackElo "1681"]
[PlyCount "99"]
[SourceDate "2019.07.29"]

1. d4 d5 2. Nf3 Nf6 3. c4 e6 4. e3 c5 5. Nc3 Nc6 6. cxd5 Nxd5 7. Bd3 cxd4 8.
exd4 Bd7 9. O-O Be7 10. Nxd5 exd5 11. Qb3 Nb4 12. Bb1 Bc6 13. Re1 O-O 14. Ne5
a5 15. a3 Na6 16. Nxc6 bxc6 17. Qc2 g6 18. Qxc6 Bf6 19. Bd3 Nc7 20. Bf4 Rc8 21.
Rac1 Ne6 22. Qxc8 Qxc8 23. Rxc8 Rxc8 24. Be5 Kg7 25. Rd1 Nxd4 26. Bxd4 Bxd4 27.
Ba6 Rc6 28. Rxd4 Rxa6 29. Rxd5 Kf6 30. Kf1 Ke6 31. Rb5 f5 32. Ke2 Kd6 33. Ke3
Ra7 34. h4 Kc6 35. a4 Re7+ 36. Kd3 Re4 37. Rxa5 Rxh4 38. g3 Rb4 39. Kc3 Re4 40.
b4 Re2 41. b5+ Kb7 42. Ra6 Rxf2 43. Rf6 Rf3+ 44. Kb4 Rxg3 45. Rf7+ Kb8 46. b6
Re3 47. a5 Re5 48. a6 Re8 49. a7+ Ka8 50. Kb5 1-0

[Event "Open Tabor 2019"]
[Site "?"]
[Date "2019.07.29"]
[Round "1.14"]
[White "Brom, Jiri"]
[Black "Herynek, Petr"]
[Result "1-0"]
[WhiteElo "2018"]
[BlackElo "1612"]
[PlyCount "46"]
[SourceDate "2019.07.29"]

1. d4 Nf6 2. Nf3 g6 3. g3 Bg7 4. Bg2 O-O 5. O-O d6 6. c4 Nbd7 7. Nc3 e5 8. e4
Re8 9. d5 Nc5 10. Re1 a5 11. b3 Bd7 12. Qc2 c6 13. dxc6 Bxc6 14. Bb2 a4 15.
Rad1 axb3 16. axb3 Qb6 17. Rxd6 Qxb3 18. Qxb3 Nxb3 19. Nb5 Bxe4 20. Nc7 Red8
21. Rxf6 Bxf3 22. Rxf3 Rac8 23. Rxb3 Rxc7 1-0

[Event "Open Tabor 2019"]
[Site "?"]
[Date "2019.07.29"]
[Round "1.15"]
[White "Svec, Vitezslav"]
[Black "Petrak, Robert"]
[Result "0-1"]
[WhiteElo "1609"]
[BlackElo "2017"]
[PlyCount "74"]
[SourceDate "2019.07.29"]

1. d4 d5 2. Nc3 Nf6 3. Bf4 g6 4. e3 Bg7 5. h4 a6 6. h5 Bf5 7. h6 Bf8 8. f3 c6
9. g4 Bc8 10. g5 Nfd7 11. Qd2 Qa5 12. Qh2 Qb6 13. O-O-O e6 14. Bh3 Bb4 15. Nge2
O-O 16. Be5 Re8 17. a3 Nxe5 18. Qxe5 Bf8 19. Qh2 Qd8 20. Rhg1 Qd6 21. Qf2 b5
22. e4 Nd7 23. Qg3 Qxg3 24. Nxg3 Nb6 25. e5 Nc4 26. Na2 c5 27. Ne2 Bd7 28. Rge1
a5 29. Bf1 b4 30. a4 Ne3 31. Rd2 Bxa4 32. b3 Bb5 33. Ng3 Nxf1 34. Nxf1 cxd4 35.
Rxd4 Bc5 36. Rdd1 Bxf1 37. Rxf1 Be3+ 0-1

[Event "Open Tabor 2019"]
[Site "?"]
[Date "2019.07.29"]
[Round "1.17"]
[White "Privoznik, Lubos"]
[Black "Loskot, Petr"]
[Result "0-1"]
[WhiteElo "1566"]
[BlackElo "1999"]
[PlyCount "66"]
[SourceDate "2019.07.29"]

1. e4 Nc6 2. d4 d5 3. e5 f6 4. f4 Nh6 5. Bb5 Bg4 6. Nf3 a6 7. Bxc6+ bxc6 8. O-O
e6 9. Be3 Qb8 10. b3 a5 11. a4 Qb6 12. Qe1 Nf5 13. Nbd2 Bb4 14. Qf2 O-O 15.
exf6 gxf6 16. h3 Bxf3 17. Nxf3 Bc3 18. Rad1 Rae8 19. g4 Nd6 20. Bd2 Ne4 21. Qe3
Nxd2 22. Rxd2 Bxd2 23. Qxd2 Kh8 24. Kh2 c5 25. Re1 cxd4 26. Qxd4 c5 27. Qd3 Qd6
28. c4 Qxf4+ 29. Kg2 dxc4 30. bxc4 Rd8 31. Qc3 e5 32. Rf1 e4 33. Nh4 Rd2+ 0-1

[Event "Open Tabor 2019"]
[Site "?"]
[Date "2019.07.29"]
[Round "1.18"]
[White "Kubin, Petr"]
[Black "Chmelik, Benedikt"]
[Result "1-0"]
[WhiteElo "1997"]
[BlackElo "1558"]
[PlyCount "69"]
[SourceDate "2019.07.29"]

1. e4 e6 2. d4 d5 3. Nd2 Nf6 4. e5 Nfd7 5. Bd3 c5 6. c3 Nc6 7. Ndf3 h6 8. Ne2
Be7 9. O-O a6 10. a4 Rb8 11. Be3 b5 12. axb5 axb5 13. Nf4 c4 14. Bb1 b4 15. Nd2
bxc3 16. bxc3 Qb6 17. Qg4 g5 18. Nh5 Qb2 19. Ra2 Qxc3 20. h4 f5 21. exf6 Nxf6
22. Nxf6+ Bxf6 23. hxg5 hxg5 24. Bxg5 Bxg5 25. Qxg5 Qxd4 26. Nf3 Qc3 27. Rc1
Qb4 28. Bg6+ Kd7 29. Ne5+ Nxe5 30. Qxe5 Bb7 31. Rb1 Qf8 32. Ra7 Qh6 33. Rbxb7+
Rxb7 34. Rxb7+ Kc6 35. Qc7# 1-0

[Event "Open Tabor 2019"]
[Site "?"]
[Date "2019.07.29"]
[Round "1.19"]
[White "Kotal, Vit"]
[Black "Mikulas, Dusan"]
[Result "1-0"]
[WhiteElo "1556"]
[BlackElo "2010"]
[PlyCount "91"]
[SourceDate "2019.07.29"]

1. e4 c5 2. Nf3 d6 3. Bb5+ Nd7 4. O-O a6 5. Bd3 Qc7 6. c3 c4 7. Bc2 Ngf6 8. Re1
e5 9. b3 b5 10. Qe2 Bb7 11. Ba3 Be7 12. d4 cxd3 13. Bxd3 Nc5 14. Bxc5 dxc5 15.
Nbd2 Bc6 16. a4 Rb8 17. Ra2 O-O 18. axb5 axb5 19. Rea1 Bd6 20. Nh4 g6 21. g3
Rfd8 22. Ng2 Bf8 23. Ne3 Qd7 24. Qf3 Bg7 25. Bf1 Ra8 26. c4 Rxa2 27. Rxa2 bxc4
28. bxc4 Qd4 29. Nd5 Bxd5 30. exd5 e4 31. Qa3 Ng4 32. Nb3 Qf6 33. Qxc5 Ne5 34.
Nd2 Nf3+ 35. Kh1 Qf5 36. Qe7 Rb8 37. Qxe4 Qxe4 38. Nxe4 f5 39. Nd6 Bd4 40. Nb5
Bc5 41. Be2 Ng5 42. Kg2 Re8 43. h4 Ne4 44. Bf3 Nf6 45. Nc7 Re1 46. Ne6 1-0

[Event "Open Tabor 2019"]
[Site "?"]
[Date "2019.07.29"]
[Round "1.20"]
[White "Eretova, Jana"]
[Black "Kaucky, Jaroslav"]
[Result "1-0"]
[WhiteElo "1981"]
[BlackElo "1534"]
[PlyCount "55"]
[SourceDate "2019.07.29"]

1. e4 e5 2. Nf3 Nc6 3. Bb5 a6 4. Ba4 Bc5 5. O-O d6 6. c3 Bg4 7. h3 h5 8. d3
Bxf3 9. Qxf3 Qf6 10. Qe2 g5 11. Be3 Bb6 12. Nd2 Nge7 13. Nc4 Nc8 14. Bc2 N6e7
15. d4 Ng6 16. g3 Qe6 17. Kh2 g4 18. f4 exd4 19. f5 Qd7 20. Nxb6 cxb6 21. fxg6
dxe3 22. Rxf7 Qe6 23. g7 Rg8 24. Raf1 Ne7 25. Rf8+ Kd7 26. Qxe3 Nd5 27. Qd4
Rxg7 28. Qxg7+ 1-0

[Event "Open Tabor 2019"]
[Site "?"]
[Date "2019.07.29"]
[Round "1.21"]
[White "Novak, Rudolf"]
[Black "Musil, Vitezslav"]
[Result "0-1"]
[WhiteElo "1499"]
[BlackElo "1978"]
[PlyCount "74"]
[SourceDate "2019.07.29"]

1. e4 e6 2. d4 d5 3. Nc3 Nf6 4. e5 Nfd7 5. Nf3 c5 6. Bb5 Nc6 7. O-O Qc7 8. Bxc6
bxc6 9. dxc5 Bxc5 10. Bf4 O-O 11. Re1 a5 12. Ng5 h6 13. Nf3 f6 14. Bg3 fxe5 15.
Nxe5 Nxe5 16. Bxe5 Bxf2+ 17. Kh1 Bxe1 18. Qxe1 Qf7 19. Bg3 a4 20. Ne2 Ba6 21.
Nf4 Rae8 22. h3 e5 23. Nd3 e4 24. Nf4 g5 25. Ne2 Qh5 26. Qc3 Bxe2 27. Qxc6 g4
28. h4 d4 29. Qxa4 Qd5 30. Re1 Ra8 31. Qb4 Rf1+ 32. Rxf1 Bxf1 33. Qb6 Ra6 34.
Qb8+ Kh7 35. Be5 e3 36. Qc7+ Kg6 37. Qg7+ Kh5 0-1

[Event "Open Tabor 2019"]
[Site "?"]
[Date "2019.07.29"]
[Round "1.22"]
[White "Bartos, Alois"]
[Black "Glacner, Karel"]
[Result "1-0"]
[WhiteElo "1953"]
[BlackElo "1474"]
[PlyCount "46"]
[SourceDate "2019.07.29"]

1. e4 e5 2. Bc4 Nc6 3. Nf3 Nd4 4. O-O d6 5. c3 Ne6 6. d4 f6 7. Be3 Bd7 8. Qb3
Qc8 9. Rd1 Ne7 10. dxe5 Nc5 11. Bf7+ Kd8 12. Bxc5 Nc6 13. exd6 Na5 14. Qa3 Nc6
15. dxc7+ Kxc7 16. Bd6+ Bxd6 17. Qxd6+ Kd8 18. Be6 Nb8 19. Bxd7 Nxd7 20. Nd4
Ke8 21. Nf5 Qd8 22. Qe6+ Kf8 23. Qd6+ Kg8 1-0

[Event "Open Tabor 2019"]
[Site "?"]
[Date "2019.07.29"]
[Round "1.23"]
[White "Vojta, Ladislav"]
[Black "Kovar, Petr"]
[Result "0-1"]
[WhiteElo "1471"]
[BlackElo "1937"]
[PlyCount "42"]
[SourceDate "2019.07.29"]

1. b4 Nf6 2. Bb2 g6 3. c4 Bg7 4. Nc3 O-O 5. b5 c6 6. e3 d5 7. Nf3 Nbd7 8. a4 e5
9. d3 Qa5 10. Qc2 c5 11. d4 exd4 12. exd4 Ne4 13. O-O-O Ndf6 14. cxd5 Bf5 15.
Bd3 cxd4 16. Nxe4 Nxe4 17. Qe2 Rac8+ 18. Kb1 Nc3+ 19. Bxc3 dxc3 20. Bxf5 Qb4+
21. Ka1 c2+ 0-1

[Event "Open Tabor 2019"]
[Site "?"]
[Date "2019.07.29"]
[Round "1.24"]
[White "Gruber, Milos"]
[Black "Vanek, frantisek"]
[Result "1-0"]
[WhiteElo "1937"]
[BlackElo "1413"]
[PlyCount "57"]
[SourceDate "2019.07.29"]

1. e4 Nc6 2. f4 d5 3. exd5 Qxd5 4. Nf3 Bg4 5. Be2 O-O-O 6. Nc3 Qa5 7. d3 e6 8.
O-O Bc5+ 9. Kh1 Nge7 10. Bd2 Bb6 11. a3 Qh5 12. Na4 Nf5 13. Nxb6+ axb6 14. Kg1
f6 15. Rf2 Qf7 16. b4 h5 17. a4 h4 18. a5 h3 19. Ng5 fxg5 20. Bxg4 hxg2 21. a6
Rxh2 22. Kxh2 Rh8+ 23. Kxg2 Nh4+ 24. Kg1 bxa6 25. Rxa6 Kb7 26. b5 Nd4 27. c4
Nhf3+ 28. Bxf3+ Nxf3+ 29. Qxf3+ 1-0

[Event "Open Tabor 2019"]
[Site "?"]
[Date "2019.07.29"]
[Round "1.25"]
[White "Malimanek, Marek"]
[Black "Hasek, Vaclav"]
[Result "0-1"]
[WhiteElo "1408"]
[BlackElo "1929"]
[PlyCount "136"]
[SourceDate "2019.07.29"]

1. b3 d5 2. Bb2 Nf6 3. Nf3 g6 4. e3 Bg7 5. c4 O-O 6. Nc3 b6 7. Be2 Bb7 8. O-O
c5 9. cxd5 Nxd5 10. Qc2 Nb4 11. Qb1 Nd7 12. Rd1 Rc8 13. a3 Nc6 14. d4 cxd4 15.
Nxd4 Nxd4 16. exd4 Nf6 17. Qd3 Nd5 18. Nxd5 Bxd5 19. Bf3 Qd6 20. Qe3 e6 21. Rd2
Rc7 22. Rad1 Rfc8 23. Be2 h5 24. Ba6 Rd8 25. Qd3 Qf4 26. Bc4 Bb7 27. Qe3 Qf5
28. Re2 Rcd7 29. Bd3 Qd5 30. Be4 Qd6 31. Bxb7 Rxb7 32. Red2 Rbd7 33. g3 Kh7 34.
f4 Qd5 35. Kf2 Qf5 36. Kg2 Rd5 37. Re2 R8d7 38. Qe4 Qf6 39. Red2 Qd8 40. Rd3 e5
41. fxe5 Bxe5 42. R1d2 Bf6 43. Qe1 Re7 44. Re2 Rdd7 45. Rxe7 Rxe7 46. Qd1 Qd5+
47. Kf2 Qe4 48. Bc3 Bg5 49. Qf3 Qxf3+ 50. Kxf3 Bf6 51. d5 Bxc3 52. Rxc3 Kg7 53.
d6 Rd7 54. Rd3 Kf6 55. Kf4 g5+ 56. Ke4 Ke6 57. b4 f5+ 58. Kf3 Rxd6 59. Re3+ Kf6
60. h3 Rd2 61. g4 Rh2 62. Kg3 f4+ 63. Kxh2 fxe3 64. Kg2 hxg4 65. hxg4 Ke5 66.
Kf3 Kd4 67. Ke2 Ke4 68. a4 a6 0-1

[Event "Open Tabor 2019"]
[Site "?"]
[Date "2019.07.29"]
[Round "1.26"]
[White "Rybin, Jan"]
[Black "Steinbauer, Sebastian"]
[Result "1-0"]
[WhiteElo "1900"]
[BlackElo "1294"]
[PlyCount "65"]
[SourceDate "2019.07.29"]

1. d4 Nf6 2. Nf3 d5 3. e3 g6 4. c4 e6 5. Nc3 Bg7 6. Bd3 O-O 7. O-O c6 8. Bd2
Re8 9. b4 b6 10. Qb3 Nbd7 11. b5 Bb7 12. Rfc1 c5 13. cxd5 Nxd5 14. Ne4 Qe7 15.
Rab1 cxd4 16. Nxd4 f5 17. Ng3 Nc5 18. Qa3 Nxd3 19. Qxd3 Rad8 20. Qc4 Rc8 21.
Qa4 Red8 22. Nge2 Bxd4 23. Nxd4 e5 24. Nc6 Bxc6 25. Rxc6 Rxc6 26. bxc6 Qd6 27.
Rc1 a5 28. h3 Kf8 29. e4 Nf6 30. Be3 Nxe4 31. Bxb6 Ra8 32. f3 Ng3 33. Bc5 1-0

[Event "Open Tabor 2019"]
[Site "?"]
[Date "2019.07.29"]
[Round "1.27"]
[White "Rolinkova, Adela"]
[Black "Svetly, Jiri"]
[Result "0-1"]
[WhiteElo "1211"]
[BlackElo "1895"]
[PlyCount "50"]
[SourceDate "2019.07.29"]

1. d4 Nf6 2. Nc3 d5 3. Bf4 Nh5 4. Bg3 Nxg3 5. hxg3 Bf5 6. e3 e6 7. Bd3 c6 8.
Bxf5 exf5 9. Qd3 g6 10. Nf3 Nd7 11. O-O-O b5 12. Nd2 a5 13. f3 b4 14. Ne2 Bg7
15. e4 fxe4 16. fxe4 O-O 17. e5 c5 18. dxc5 Nxe5 19. Qe3 f5 20. Rh4 Qf6 21.
Rdh1 h5 22. c3 Rfe8 23. Qd4 Qc6 24. cxb4 axb4 25. Qxb4 Nd3+ 0-1

[Event "Open Tabor 2019"]
[Site "?"]
[Date "2019.07.29"]
[Round "1.28"]
[White "Mihal, Sergej"]
[Black "Postl, Frantisek"]
[Result "1-0"]
[WhiteElo "1890"]
[BlackElo "1203"]
[PlyCount "41"]
[SourceDate "2019.07.29"]

1. e4 e5 2. Nf3 Nf6 3. Nc3 Nc6 4. d4 d6 5. h3 g6 6. dxe5 dxe5 7. Qxd8+ Nxd8 8.
Nxe5 Bg7 9. Nd3 O-O 10. Bd2 Nc6 11. O-O-O Be6 12. Nc5 b6 13. Nxe6 fxe6 14. Bc4
Nd7 15. Bxe6+ Kh8 16. Bxd7 Ne5 17. Be3 Rad8 18. Be6 Rxd1+ 19. Rxd1 Re8 20. Bb3
a5 21. Bd4 1-0

[Event "Open Tabor 2019"]
[Site "?"]
[Date "2019.07.29"]
[Round "1.29"]
[White "Lapunik, Pavel"]
[Black "Havluj, Zdenek"]
[Result "1/2-1/2"]
[WhiteElo "1725"]
[BlackElo "1890"]
[PlyCount "39"]
[SourceDate "2019.07.29"]

1. d4 Nf6 2. Bg5 c5 3. dxc5 Qa5+ 4. Qd2 Qxc5 5. Bxf6 gxf6 6. e3 d6 7. Nc3 Bg7
8. Nf3 O-O 9. Bd3 f5 10. O-O Bxc3 11. bxc3 Nc6 12. Qe2 Qxc3 13. Nd4 Nxd4 14.
exd4 Be6 15. Qe3 Kh8 16. Rae1 Rg8 17. f3 Qc6 18. Qf4 Rac8 19. Re2 Bc4 20. Qxf5
1/2-1/2

[Event "Open Tabor 2019"]
[Site "?"]
[Date "2019.07.29"]
[Round "1.30"]
[White "Lizner, Milan"]
[Black "Tejnor, Martin"]
[Result "1-0"]
[WhiteElo "1884"]
[BlackElo "1353"]
[PlyCount "45"]
[SourceDate "2019.07.29"]

1. e4 e5 2. Nf3 Nc6 3. c3 Nf6 4. d4 exd4 5. e5 Nd5 6. Qb3 Nb6 7. cxd4 d5 8. Be2
Be7 9. O-O O-O 10. Nc3 f6 11. Be3 fxe5 12. Nxe5 Nxe5 13. dxe5 c6 14. f4 Rf7 15.
Rad1 Be6 16. a4 Nd7 17. Qxb7 Rc8 18. Qxa7 c5 19. Nxd5 Bxd5 20. Rxd5 Rc7 21. Qa6
Qb8 22. Rd2 Ra7 23. Qc6 1-0

[Event "Open Tabor 2019"]
[Site "?"]
[Date "2019.07.29"]
[Round "1.31"]
[White "Slaby, Martin"]
[Black "Krbusik, Marian"]
[Result "0-1"]
[WhiteElo "1164"]
[BlackElo "1881"]
[PlyCount "65"]
[SourceDate "2019.07.29"]

1. c4 e5 2. b3 g6 3. Bb2 Bg7 4. Nf3 d6 5. e3 Ne7 6. Be2 O-O 7. Qc2 Nbc6 8. a3
Bf5 9. e4 Bg4 10. h3 Bd7 11. d3 a5 12. Nbd2 f5 13. Rc1 b6 14. O-O Kh8 15. Rfe1
Ng8 16. Qb1 Nf6 17. Qa1 Nh5 18. d4 Qe7 19. d5 Nd8 20. Bd3 Nf4 21. Bc2 Nf7 22.
Qb1 Nh6 23. Nf1 fxe4 24. Bxe4 Nf5 25. Bxf5 Bxf5 26. Qa1 Nd3 27. Nd4 Bd7 28. Nf3
Bxh3 29. gxh3 Rxf3 30. Re3 Qg5+ 31. Ng3 Rxe3 32. fxe3 Qxg3+ 33. Kf1 0-1